Rôle de la typicalité dans le positionnement des enseignes (notice n° 1587762)

détails MARC
000 -LEADER
fixed length control field 01575cam a2200181 4500500
005 - DATE AND TIME OF LATEST TRANSACTION
control field 20251228061846.0
041 ## - LANGUAGE CODE
Language code of text/sound track or separate title fre
042 ## - AUTHENTICATION CODE
Authentication code dc
100 10 - MAIN ENTRY--PERSONAL NAME
Personal name Amine, Abdelmajid
Relator term author
245 00 - TITLE STATEMENT
Title Rôle de la typicalité dans le positionnement des enseignes
260 ## - PUBLICATION, DISTRIBUTION, ETC.
Date of publication, distribution, etc. 1999.<br/>
500 ## - GENERAL NOTE
General note 22
520 ## - SUMMARY, ETC.
Summary, etc. Cet article analyse la pertinence du concept de typicalité lorsqu’il est appliqué à l’enseigne. Il met en évidence le rôle structurant de la typicalité perçue des points de vente sur l’ensemble des magasins pris en considération pour l’achat d’une catégorie de produit. Cette notion de typicalité permet, en outre, de distinguer les enseignes d’exploration de celles de concrétisation de l’achat et apporte un éclairage intéressant à la problématique de positionnement des enseignes de distribution.
520 ## - SUMMARY, ETC.
Summary, etc. This article analyses the relevance of the concept of typicality when applied to trade names. It highlights the structural role of the perceived typicality of sales outlets regarding all the shops taken into consideration for the purchase of a given product category. This notion of typicality also helps to distinguish trade names for exploring a purchase from those for actually making it and provides an interesting clarification of the problem of positioning distribution trade names.
700 10 - ADDED ENTRY--PERSONAL NAME
Personal name Pontier, Suzanne
Relator term author
786 0# - DATA SOURCE ENTRY
Note Décisions Marketing | 17 | 2 | 1999-06-01 | p. 7-15 | 0779-7389
856 41 - ELECTRONIC LOCATION AND ACCESS
Uniform Resource Identifier <a href="https://shs.cairn.info/revue-decisions-marketing-1999-2-page-7?lang=fr&redirect-ssocas=7080">https://shs.cairn.info/revue-decisions-marketing-1999-2-page-7?lang=fr&redirect-ssocas=7080</a>

Pas d'exemplaire disponible.

PLUDOC

PLUDOC est la plateforme unique et centralisée de gestion des bibliothèques physiques et numériques de Guinée administré par le CEDUST. Elle est la plus grande base de données de ressources documentaires pour les Étudiants, Enseignants chercheurs et Chercheurs de Guinée.

Adresse

627 919 101/664 919 101

25 boulevard du commerce
Kaloum, Conakry, Guinée

Réseaux sociaux

Powered by Netsen Group @ 2025